| 000 | 01139nam a2200265Ia 4500 | ||
|---|---|---|---|
| 003 | OSt | ||
| 005 | 20221005104256.0 | ||
| 006 | a|||||r|||| 00| 0 | ||
| 007 | ta | ||
| 008 | 221004b |||||||| |||| 00| 0 hin d | ||
| 020 |
_a9788177023862 (hbk) _c995 |
||
| 024 | _a24124 | ||
| 037 |
_b220, 31/12/2015, Vidyanidhi Prakashan _cTextual |
||
| 040 |
_aCRL _cCRL _bhin |
||
| 041 |
_2hin _ahin |
||
| 082 | _aO15,1N35:g, 152Q6 | ||
| 100 | _aकमलेश रानी | ||
| 245 | 0 | _aअर्वाचीन संस्कृत महाकाव्य - परम्परा में रेवाप्रसाद द्विवेदी के महाकाव्य | |
| 246 | _aArvāchīn sanskṛut mahākāvya - paramparā mean revāprasād dvivedī ke mahākāvya | ||
| 260 |
_aदिल्ली _bप्रतिभा प्रकाशन भारत _c2016 |
||
| 300 |
_a348पृ0 _ccm. |
||
| 650 | _aसंस्कृत साहित्य | ||
| 942 |
_hO15,1N35:g, 152Q6 _cTEXL _2cc |
||
| 999 |
_c1012237 _d1012237 |
||